キャッサバを多く生産している国 - Statistics

General Stats
  • This quiz has been taken 69 times
  • The average score is 12 of 20
Answer Stats
生産量 % Correct
インドネシア 1360万
81%
インド 620万
81%
ブラジル 1760万
76%
ナイジェリア 6080万
71%
ガーナ 2560万
68%
コートジボワール 630万
68%
コンゴ民主共和国 4880万
67%
中国 500万
67%
タイ 3410万
63%
タンザニア 640万
60%
ベトナム 1060万
59%
カメルーン 630万
54%
カンボジア 1770万
51%
モザンビーク 650万
51%
ラオス 530万
49%
ギニア 300万
49%
ザンビア 350万
48%
アンゴラ 1050万
46%
ベナン 440万
46%
マラウイ 620万
25%
No matching quizzes found
Score Distribution
Percent of People with Each Score
Percentile by Number Answered
Your Score History
You have not taken this quiz